000 00325nam a2200145Ia 4500
008 210210b1983 xxu||||| |||| 00| 0 eng d
082 _a584.15 MUKO
100 _aMUKHERJEE (S K).
245 _aOrchids
260 _aNew Delhi
_bI C A R
_c1983
300 _a102
650 _aOrchids
690 _aBotany
906 _a040297
999 _c90162
_d90162